000 00298nam a2200121Ia 4500
008 190216s9999||||xx |||||||||||||| ||und||
100 _aDaniel P A And Paul P A Etc
245 0 _aPree Degree Physics
260 _bG B Corporation Cochin
_c1979
300 _a248p
650 _aPhysics
942 _cBK
999 _c33099
_d33099